| 000 | 00574nam a2200217 a 4500 | ||
|---|---|---|---|
| 005 | 20210219153401.0 | ||
| 008 | 991125n 000 0 spa u | ||
| 035 | _aUPN01000095495 | ||
| 100 | _aMEZGOSA, Julián | ||
| 222 | _aREVISTA DE EDUCACION | ||
| 245 | _a¿Qué piensan de la reforma los profesores de bachillerato? | ||
| 260 | _aMadrid, España | ||
| 300 | _a307-333 | ||
| 362 | _a1992 No. 299 sep.-dic. | ||
| 653 | 0 | _aBACHILLERATO | |
| 653 | 0 | _aESPAÑA | |
| 653 | 0 | _aMAESTROS | |
| 653 | 0 | _aREFORMA EDUCATIVA | |
| 904 |
_aAC _b033306 |
||
| 905 | _aArticulo | ||
| 999 |
_c75533 _d75533 |
||